000 00838nam a2200217 i 4500
001 bg
245 1 0 _aNarodowe obserwatorium kształcenia i szkolenia zawodowego /
_c[oprac. zesp. pod kier. Danuty Możdżeńskiej-Mrozek i Marii Wójcickiej w składzie Elżbieta Drogosz-Zabłocka et al.].
260 _aWarszawa :
_bBiuro Koordynacji Kształcenia Kadr,
_c1999.
300 _a169, [1] s. :
_brys., 1 mapa ;
_c24 cm.
500 _aNa s. red. błędny ISBN 87116-35-1.
650 9 _aKształcenie
_zPolska
_yod 1989 r.
650 9 _aSzkolnictwo
_zPolska
_yod 1989 r.
700 1 _aMOŻDŻEŃSKA-MROZEK, Danuta.
_eRed.
700 1 _aWÓJCICKA, Maria.
_eRed.
700 1 _aDROGOSZ-ZABŁOCKA, Elżbieta.
_eOprac.
040 _cBPK
041 0 _apl
080 _a37(438)"1989/..."
942 _cKS
008 s pl f |000 0 pol
999 _c39662
_d39662
856 _uhttp://koha.tu.koszalin.pl/cgi-bin/koha/opac-detail.pl?biblionumber=39662
_yKatalog online BPK